03499nam a2200613uu 4500001000800000005001700008007001000025008004100035035001200076040001300088041000800101080001100109100003800120245006300158260012200221300001300343500007700356505019500433505016900628505016300797505016500960505015701125505018301282505014801465505015401613650002801767650004001795650003001835650001901865650002201884650002401906700004201930700004101972700004302013700004502056700004602101700004302147700004002190700004402230700004002274700004302314700004502357700003802402700003902440700003902479700004902518700004102567700004102608700003802649700004002687700004402727700004802771700006602819148876420260508092648.0co|||||||180314s2017 spa  a1488764 ccomduadb aspa aEGI/CD10aVélez Cuartas, Daniel4auteaut10aDecimo segundo viaje etnografico a San Basilio de Palenque aMedellín :bUniversidad de Antioquia. Facultad de Ciencias Sociales y Humanas. Departamento de Antropologia,c2017. a1 CD-ROM aGENERAL: Informe del curso métodos y técnicas etnográficas 2017-1.80tDécimo segundo viaje etnográfico a San Basilio de Palenque. Nosotros como los otros, el retorno de los bongueros y los kuagros en San Basilio de Palenque. Archivo décimo segundo Tomo 580tDécimo segundo viaje etnográfico a San Basilio de Palenque. Música, baile, fiesta y vídeo juegos en San Basilio de palenque. Archivo décimo segundo Tomo 180tDécimo segundo viaje etnográfico a San Basilio de Palenque. Mujeres, roles, espacios comunitarios y liderzgos palenqueros. Archivo décimo segundo Tomo 480tDécimo segundo viaje etnográfico a San Basilio de Palenque. Lengua, literatura y etnoeducación en San Basilio de palenque. Archivo décimo segundo Tomo 780tDécimo segundo viaje etnográfico a San Basilio de Palenque. Identidad y etnónimos entre palenqueros y palenqueras. Archivo décimo segundo Tomo 680tDécimo segundo viaje etnográfico a San Basilio de Palenque. El miedo, lo sobrenatural, las aseguranzas y el cuerpo en San Basilio de palenque. Archivo décimo segundo Tomo 880tDécimo segundo viaje etnográfico a San Basilio de Palenque. El arroyo y el agua en San Basilio de Palenque. Archivo décimo segundo Tomo 280tDécimo segundo viaje etnográfico a San Basilio de Palenque. Bollos, ñeque y comidas en San Basilio de Palenque. Archivo décimo segundo Tomo 3 aSan Basilio de Palenque aSan Basilio de Palenque - Lenguajes 7aArte y cultura2co-mduadb aCocina popular 7aEtnoeducación2 aSaberes ancestrales10aVillegas Jiménez, Mariana4auteaut10aNaranjo Jaramillo, Michael4auteaut10aGiraldo Gutiérrez, Edgardo4auteaut10aSierra Borre, María Fernanda4auteaut10aGrisales Carvajal, Mateo Steven4auteaut10aSerna Ramírez, Estefanía4auteaut10aAsprilla, Maira Alejandra4auteaut10aCastrillon Cardona, Valentina4auteaut10aBuitrago Gonzalez, Camilo4auteaut10aZapata Jaramillo, Juan David4auteaut10aOspina Muñoz, María Isabel4auteaut10aEstrada Castro, Mariana4auteaut10aChica Castaño, Daniela4auteaut10aGómez Agudelo, Juliana4auteaut10aArias Montaño, María Alejandra4auteaut10aArias Álvarez, Alejandro4auteaut10ade los Ríos Mesa, Andrea4auteaut10aGómez Herrera, Camilo4auteaut10aRojas Navarro, Juan Diego4auteaut10aEchavarria Vanegas, Elizabeth4auteaut10aRodríguez Otalora, Carlos Duvan4auteaut10aDelgado Salazar, Ramiro de Jesús4aut0(viaf)307453872eaut